Statistics for Geografi Efter Bokstav - D

Click here to take the quiz!

General Stats

  • This quiz has been taken 38 times
  • The average score is 12 of 20

Answer Stats

LedtrådSvar% Correct
Sveriges granneDanmark
100%
Irlands huvudstadDublin
87%
Där världens högsta byggnad liggerDubai
84%
"Tyskland" i tyskaDeutschland
77%
Där masar och kullor kommer ifrånDalarna
74%
Mest befolkade stad in IndienDelhi
74%
Flod som Wien, Bratislava och
Budapest ligger på
Donau
74%
USA:s "Motorstaden"Detroit
68%
USA:s första statDelaware
65%
Saltsjö mellan Israel och JordanienDöda havet
61%
Djiboutis huvudstadDjibouti
58%
Stad på den Engelska kanalen
med vita klippor
Dover
58%
Tysk stad som var förstörd med
brandbomb i 1945
Dresden
52%
Triangulär utformning på
några floders mynning
Delta
48%
USA:s "Den milshöga staden"Denver
48%
Namn för den ryska parlamentetDuma
39%
Huvudstaden till BaliDenpasar
26%
Hinduismens ljusfestDiwali
26%
Sydafrikas tredje största stadDurban
26%
Även känd som Mount McKinleyDenali
23%

Score Distribution

Percentile by Number Answered

Percent of People with Each Score

Your Score History

You have not taken this quiz